ბათუმის შოთა რუსთაველის სახელმწიფო უნივერსიტეტის ბიბლიოთეკა

მექანიზმებისა და მანქანების თეორია. ნაწ. ll : სახელმძღვ. / (ბიბ.ჩანაწერი № 37447)

000 -ლიდერი
ფიქსირებული სიგრძის საკონტროლო ველი 00919nam a2200217Ia 4500
001 - საკონტროლო ნომერი
საკონტროლო ველი 3406
003 - საკონტროლო ნომრის იდენტიფიკატორი
საკონტროლო ველი GE_BSU
005 - ბოლო ოპერაციის თარიღი და დრო
საკონტროლო ველი 20190605210225.0
008 - ფიქსირებული სიგრძის მონაცემთა ელემენტები - ზოგადი ინფორმაცია
ფიქსირებული სიგრძის საკონტროლო ველი 181216s1975||||ge |||||||||||||| ||geo||
040 ## - კატალოგიზაციის წყარო
Transcribing agency GE_BSU
041 ## - ენის კოდი
Language code of text/sound track or separate title geo
080 ## - უნივერსალური ათობითი კლასიფიკაციის ინდექსი
Universal Decimal Classification number 621.01(075.8) თ–20
100 ## - მთავარი ჩანაწერი - პიროვნების სახელი
Personal name თავხელიძე, დ
9 (RLIN) 914
245 ## - ცნობა სათაურის შესახებ
Title მექანიზმებისა და მანქანების თეორია. ნაწ. ll : სახელმძღვ. /
Statement of responsibility, etc დ. თავხელიძე ; რედ : ლ. მაღულარია.
264 ## - წარმოების, გამოცემის, დისტრიბუციის და სხვა ცნობები
გამოცემის, წარმოების, დისტრიბუციის... ადგილი თბილისი :
გამოცემის, წარმოების, დისტრიბუციის... სახელწოდება განათლება,
გამოცემის, წარმოების, დისტრიბუციის... თარიღი 1975.
300 ## - ფიზიკური აღწერა
Extent 219 გვ .:
Dimensions 22 სმ.
653 ## - INDEX TERM--UNCONTROLLED
Uncontrolled term მექანიზმების თეორია
653 ## - INDEX TERM--UNCONTROLLED
Uncontrolled term მანქანების თეორია
700 ## - ADDED ENTRY--PERSONAL NAME
Personal name მაღულარია, ლ
Relator term რედაქტორი
9 (RLIN) 2213
942 ## - ADDED ENTRY ELEMENTS (KOHA)
Koha item type წიგნი
Source of classification or shelving scheme
ეგზემპლარები
ჩამოწერის სტატუსი დაკარგული ეგზემპლარის სტატუსი კლასიფიკაციის წყარო ან თაროზე გაწყობის სქემა დაზიანების სტატუსი არ გაიცემა მუდმივი მდებარეობა (დაცვის ადგილი) ამჟამინდელი ადგილსამყოფელი თაროზე განთავსების ადგილი შეძენის თარიღი ღირებულება, შესყიდვის ნორმალური ფასი სრული შენახვის შიფრი შტრიხკოდი ბოლო ოპერაციის თარიღი ეგზემპლარის მიმდევრობითი ნომერი (კეტერი?) ფასის ძალაში შესვლის თარიღი ეგზემპლარის სახეობა საჯარო შენიშვნა
          ტექნოლოგიური ფაკულტეტის ბიბლიოთეკა ტექნოლოგიური ფაკულტეტის ბიბლიოთეკა წიგნსაცავი 2018-12-17 1.00 621.01(075.8) თ–20 10523 2018-12-17 10523 2018-12-17 წიგნი 1 ლ. 46 თ.
          ტექნოლოგიური ფაკულტეტის ბიბლიოთეკა ტექნოლოგიური ფაკულტეტის ბიბლიოთეკა წიგნსაცავი 2018-12-17 1.00 621.01(075.8) თ–20 10524 2018-12-17 10524 2018-12-17 წიგნი 1 ლ. 46 თ.
          ტექნოლოგიური ფაკულტეტის ბიბლიოთეკა ტექნოლოგიური ფაკულტეტის ბიბლიოთეკა წიგნსაცავი 2018-12-17 1.00 621.01(075.8) თ–20 10525 2018-12-17 10525 2018-12-17 წიგნი 1 ლ. 46 თ.
          ტექნოლოგიური ფაკულტეტის ბიბლიოთეკა ტექნოლოგიური ფაკულტეტის ბიბლიოთეკა წიგნსაცავი 2018-12-17 1.00 621.01(075.8) თ–20 10526 2018-12-17 10526 2018-12-17 წიგნი 1 ლ. 46 თ.
          ტექნოლოგიური ფაკულტეტის ბიბლიოთეკა ტექნოლოგიური ფაკულტეტის ბიბლიოთეკა წიგნსაცავი 2018-12-17 1.00 621.01(075.8) თ–20 10527 2018-12-17 10527 2018-12-17 წიგნი 1 ლ. 46 თ.